书目信息 |
| 题名: |
永磁机构
|
|
| 作者: | 夏平畴 著 | |
| 分册: | ||
| 出版信息: | 北京 北京工业大学出版社 2000 |
|
| 页数: | 10,308页 | |
| 开本: | 20cm | |
| 丛书名: | ||
| 单 册: | ||
| 中图分类: | TM273 | |
| 科图分类: | ||
| 主题词: | 永磁材料--应用--研究 | |
| 电子资源: | ||
| ISBN: | 7-5639-0957-5 | |
| 000 | 01002nam0 2200265 45 | |
| 001 | 012002010796 | |
| 005 | 20031219104111.2 | |
| 010 | @a7-5639-0957-5@dCNY20.00 | |
| 100 | @a20010531d2000 em y0chiy0110 ea | |
| 101 | 0 | @achi |
| 102 | @aCN@b110000 | |
| 105 | @aa z 000yy | |
| 106 | @ar | |
| 200 | 1 | @a永磁机构@9yong ci ji gou@f夏平畴著 |
| 210 | @a北京@c北京工业大学出版社@d2000 | |
| 215 | @a10,308页@c照片@d20cm | |
| 300 | @a国家科学技术学术著作出版基金资助出版 | |
| 314 | @a夏平畴(1937~),生于湖北省武穴市。中国科学院电工研究所研究员、博士生导师、所学位授予委员会副主任。著有《永磁机构》等。 | |
| 330 | @a本书作者和国内有关部门及专家致力于将永磁材料做磁源的装置,包括相应的理论、分析技术和设计方法,从电机、机械、永磁材料的学术母体中分离出来,形成“永磁机构”分支科学。 | |
| 510 | 1 | @aPermanent Magnetic Mechanism@zeng |
| 606 | 0 | @a永磁材料@x应用@x研究 |
| 690 | @aTM273@v4 | |
| 701 | 0 | @a夏平畴@9xia ping chou@4著 |
| 801 | @aCN@bTSTC@c20030617 | |
| 905 | @b324308-312@dTM273@e10@f5 | |
| 永磁机构/夏平畴著.-北京:北京工业大学出版社,2000 |
| 10,308页:照片;20cm |
| 国家科学技术学术著作出版基金资助出版 |
| ISBN 7-5639-0957-5:CNY20.00 |
| 本书作者和国内有关部门及专家致力于将永磁材料做磁源的装置,包括相应的理论、分析技术和设计方法,从电机、机械、永磁材料的学术母体中分离出来,形成“永磁机构”分支科学。 |
| ● |
| 相关链接 |
|
|
|
|
正题名:永磁机构
索取号:TM273/10
 
预约/预借
| 序号 | 登录号 | 条形码 | 馆藏地/架位号 | 状态 | 备注 |
| 1 | 0324308 | 203243089 | 第三借阅区/ [索取号:TM273/10] | 在馆 | |
| 2 | 0324309 | 203243098 | 第三借阅区/ [索取号:TM273/10] | 在馆 | |
| 3 | 0324310 | 203243105 | 第三借阅区/ [索取号:TM273/10] | 在馆 | |
| 4 | 0324311 | 203243114 | 第三借阅区/ [索取号:TM273/10] | 在馆 | |
| 5 | 0324312 | 203243123 | 第二样本阅览室/ [索取号:TM273/10] | 在馆 |